Star Wars Quote to Character - Revenge of the Sith Edition - Statistics

General Stats
  • This quiz has been taken 181 times
  • The average score is 27 of 29
Answer Stats
Quote Character % Correct
I have failed you, Anakin. Obi-Wan Kenobi
99%
You were the chosen one! Obi-Wan Kenobi
99%
You were my brother, Anakin! I loved you! Obi-Wan Kenobi
99%
If you're not with me, then you're my enemy. Anakin Skywalker
98%
I HATE YOU! Anakin Skywalker
97%
Don't make me kill you. Anakin Skywalker
97%
I have brought peace, freedom, justice, and security to my new Empire. Anakin Skywalker
97%
You underestimate my power. Anakin Skywalker
97%
I AM the senate! Emperor Palpatine
97%
It's over Anakin, I have the high ground. Obi-Wan Kenobi
97%
Anakin, you're breaking my heart! Padmé
97%
What have I done? Anakin Skywalker
96%
Nooooooooooooooooooo! Darth Vader
96%
Did you ever hear the tragedy of Darth Plagueis the Wise? Emperor Palpatine
96%
Execute Order 66. Emperor Palpatine
96%
Hello there. Obi-Wan Kenobi
96%
You have done that yourself. Obi-Wan Kenobi
96%
Do it! Emperor Palpatine
95%
POWER! UNLIMITED POWER! Emperor Palpatine
94%
So uncivilized. Obi-Wan Kenobi
94%
Another happy landing. Obi-Wan Kenobi
93%
Good. Good! Emperor Palpatine
92%
This is where the fun begins. Anakin Skywalker
90%
So this is how liberty dies... with thunderous applause. Padmé
90%
Who? Who could have done this? Obi-Wan Kenobi
88%
Flying is for droids. Obi-Wan Kenobi
88%
General Kenobi, you are a bold one! General Grievous
86%
It's treason then... Emperor Palpatine
85%
Master Skywalker. Youngling
69%
No matching quizzes found
Score Distribution
Percent of People with Each Score
Percentile by Number Answered
Your Score History
You have not taken this quiz